000 00392nam a2200157Ia 4500
008 090124s9999 xx 000 0 und d
082 _b127920
245 _a भुवनशोम
250 _a1
260 _c1997
300 _a96
630 _a भुवनशोम
700 _aमहाम्बरे अरुंधती
730 _a भुवनशोम
942 _cBOOK
999 _c174009
_d174009